| 000 | 01545nam a22003977a 4500 | ||
|---|---|---|---|
| 003 | OSt | ||
| 005 | 20230413144234.0 | ||
| 008 | 221006b |||||||| |||| 00| 0 eng d | ||
| 040 | _cBiblioteca Lado V | ||
| 082 |
_a700 _bK41a |
||
| 100 |
_9799 _aRuiz, Margarita _eeditor _edirector |
||
| 245 |
_aArte Cubano/ _bRevista de Artes Visuales/ |
||
| 260 |
_bConsejo Nacional de las Artes Plasticas _c1998 _aCuba |
||
| 300 |
_c21x28cm _a90p. |
||
| 366 | _espa | ||
| 490 |
_v1998 _a1 _x1024 8439 |
||
| 505 | _tCarta del Director | ||
| 505 | _tII Salón de Arte Cubano Contemporáneo | ||
| 505 |
_tRuta Critica _aObsesiones Anuncios de jaime Valls Iberoamerica pinta El paso Realidad de una utopia o la osadia de punto Achille bonito Oliva Basilica Menor y Convento |
||
| 505 | _tLIBROS | ||
| 505 | _tPatrimonio | ||
| 505 | _tLa revista en la revista | ||
| 505 | _tNoticias de Arte Cubano | ||
| 505 | _tHistorietas | ||
| 505 | _tSummary | ||
| 650 |
_2Tesauro de Arte & Arquitectura _aARTE _9703 |
||
| 650 |
_2Tesauro de Arte & Arquitectura _aEXPOSICIONES |
||
| 650 |
_2Tesauro de Arte & Arquitectura _aBIENAL |
||
| 650 |
_2Tesauro de Arte & Arquitectura _aAPRECIACION |
||
| 650 |
_2Tesauro de Arte & Arquitectura _aTEORIA |
||
| 650 |
_2Tesauro de Arte & Arquitectura _aCRITICA |
||
| 650 |
_2Tesauro de Arte & Arquitectura _aFOTOGRAFIA _9702 |
||
| 650 |
_2Tesauro de Arte & Arquitectura _aLITERATURA |
||
| 650 |
_2Tesauro de Arte & Arquitectura _aCUBANO |
||
| 942 |
_2ddc _c1 _h701.18 _iR934a _n0 |
||
| 999 |
_c3375 _d3375 |
||